000 02982nam a22003497a 4500
001 65568
003 BD-RjUL
005 20220120095029.0
008 211007s1962 ii ||||| |||| 001 0 ara d
035 _a(BD-RjUL)65698
040 _aBD-RjUL
_bben/eng
_cBD-RjUL
_dBD-RjUL
041 _aara
082 _223
_a610.917671
_bRAK 1961--
100 _aالرازي، أبو بكر محمد بن زكريا،,;; Al-Razi, Abu Bakr Muhammad bin Zakariya,
_d865؟-925
_9245685
245 1 0 _aكتاب الحاوي في الطب;; Kitāb al-Ḥāwī fī al-ṭibb /
_c by Abu Bakr Muhammad ibn Zakaria al-Razi; Corrected and revised the Escorial version لأبي بكر محمد بن زكريا الرازي ؛ صححت وعورضت نسخة اسكوريال [رقم 813
260 _aHind :
_bmatbuat mazlis daera al maruf ,
_c1962
300 _av. :
_bill. ;
_c24 cm.
490 _adairatul maarifil-osmania pub, ; new series; no.
_v4/ 12
500 _aInclude index.
505 _a. الجزء الثاني عشر، في أمراض الصرتان والأورام والدماميل والديلات وما يحلل جسأ Al-juzʼ al-thānī ʻashar, Fī amrāḍ al-ṣaratān / wa-al-awrām wa-al-damāmīl wa-al-dīlāt wa-mā yuḥallil jusaʼ al-qurūḥ wa-al-dashbad wa-ghayrihā / ;; القروح والدشبد وغيرها
505 _aالجزء العاشر في امراض الكلى و مجرى البول وغيره ;;aljuz' alashir fi amirad alkulaa w majraa albawl waghayrih
505 _aالجزء الرابع عشر: في الحميات و البراز والقيء وغيرها ;; aljuz' alraabie eashar fi alhamiyaat w alburaz walqay' waghayriha.--
505 _a Razes' Liber Continens (an Encyclopadia of Medicine) .--/ 17, في الجدري والحصبة والطواعين ; تحت مراقبة سيدة مهر النساء.
505 _aV-1. في امراض الراس .--V-2. في امراض العين .--V-3.--في امراض الاذن و الانف و الاسنان .--v-4.في امراض الرئة .--
505 _av-5.في امراض المريء والمعدة .--
505 _av-6.في الاستقراغات و التسمين والهزال --
505 _aV-8.في قروح الامعاء والزحير والفرق بينهما وبين سائر اختلاف الدم والمغص والورم في الامعاء والاختلاف الشبيه بماء اللحم .--
505 _av-9.في امراض الرحم والحمل ---
505 _a الجزء الثاني عشر، في أمراض الصرتان والأورام والدماميل والديلات وما يحلل جسأ القروح والدشبد وغيرها ;; Kitāb al-Ḥāwī fī al-ṭibb. Al-juzʼ al-thānī ʻashar, Fī amrāḍ al-ṣaratān wa-al-awrām wa-al-damāmīl wa-al-dīlāt wa-mā yuḥallil jusaʼ al-qurūḥ wa-al-dashbad wa-ghayrihā
650 _aMédecine arabe
_vOuvrages avant
_y1800.
_9228879
942 _2ddc
_cBK
999 _c65568
_d65568